[Event "Open A"]
[Site "Le Touquet FRA"]
[Date "2006.11.02"]
[Round "8"]
[White "Kveinys,A"]
[Black "Claverie,C"]
[Result "1-0"]
[WhiteElo "2540"]
[BlackElo "2314"]

1.d4 Nf6 2.c4 g6 3.Nf3 Bg7 4.g3 O-O 5.Bg2 d6 6.O-O c6 7.Nc3 Qa5 8.e4 Bg4
9.h3 Bxf3 10.Bxf3 Nbd7 11.Rb1 c5 12.e5 dxe5 13.dxc5 Qxc5 14.Bxb7 Rab8 15.Bd5 Nxd5
16.Nxd5 Nb6 17.Nxb6 axb6 18.Qe2 f5 19.b4 Qc8 20.c5 bxc5 21.Qc4+ Kh8 22.b5 f4
23.g4 f3 24.Be3 h5 25.Rfc1 hxg4 26.Qxg4 Rf5 27.a4 Kh7 28.Rxc5 Qe6 29.Qc4 Qf6
30.Rc6 Qf8 31.Qg4 Qf7 32.Kh1 Rh8 33.Rg1 Bf6 34.Rg3 Rd8 35.Rc1 e4 36.Qxe4 Be5
37.Rg5 Rxg5 38.Bxg5 Rd5 39.Qh4+ Kg8 40.Rc8+ Qf8 41.Rxf8+ Kxf8 42.Bf4 Rd1+
43.Kh2  1-0

[Event "10th OIBM"]
[Site "Bad Wiessee GER"]
[Date "2006.11.06"]
[Round "3"]
[White "Krahe,F"]
[Black "Van der Weide,K"]
[Result "0-1"]
[WhiteElo "2236"]
[BlackElo "2463"]

1.d4 Nf6 2.c4 g6 3.Nf3 Bg7 4.g3 O-O 5.Bg2 d6 6.O-O Nc6 7.d5 Na5 8.Nfd2 c5
9.Qc2 b5 10.e4 bxc4 11.Re1 Ba6 12.Nf1 c3 13.bxc3 Nc4 14.Ne3 Qa5 15.Nxc4 Bxc4
16.Bg5 Rfe8 17.Nd2 Ba6 18.Rac1 Nd7 19.f4 Rab8 20.e5 dxe5 21.Ne4 f5 22.d6 fxe4
23.dxe7 Bd3 24.Qf2 h6 25.Bh4 c4 26.Bh3 Nf6 27.fxe5 Qxe5  0-1

[Event "RGSU GM"]
[Site "Moscow RUS"]
[Date "2006.11.06"]
[Round "1"]
[White "Nebolsina,V"]
[Black "Chadaev,N"]
[Result "1/2-1/2"]
[WhiteElo "2349"]
[BlackElo "2459"]

1.d4 Nf6 2.Nf3 g6 3.c4 Bg7 4.g3 O-O 5.Bg2 d6 6.O-O Nc6 7.Nc3 Bd7 8.h3 Qc8
9.Kh2 Re8 10.e4 e5 11.dxe5 dxe5 12.Be3 Be6 13.Nd2 Nh5 14.Nd5 Nd4 15.Bxd4 exd4
16.f4 c6 17.Nb4 Bf8 18.Nd3 Qc7 19.Qf3 Rad8 20.g4 Ng7 21.e5 Be7 22.Qg3 Kh8
23.b3 f5 24.exf6 Bxf6 25.Ne4 Rf8 26.Rae1 Bc8 27.Nxf6 Rxf6 28.Qh4 Rdf8 29.Re4 Ne6
30.Qg3 Qd6 31.Rfe1 Kg7 32.f5 Qxg3+ 33.Kxg3 gxf5 34.gxf5 Nc7 35.Rxd4 Rxf5
36.Rg4+ Kh8 37.Re7 R5f7 38.Rxf7 Rxf7 39.Rf4  1/2-1/2

[Event "Ataturk Festival Open"]
[Site "Adana TUR"]
[Date "2006.11.07"]
[Round "2"]
[White "Oroudzhov,A"]
[Black "Mchedlishvili,M"]
[Result "0-1"]
[WhiteElo "2103"]
[BlackElo "2583"]

1.d4 Nf6 2.Nf3 g6 3.g3 Bg7 4.Bg2 O-O 5.c4 d6 6.O-O Nbd7 7.Qc2 e5 8.Rd1 Re8
9.e4 c6 10.Nc3 exd4 11.Nxd4 Qb6 12.Nb3 Ne5 13.Rxd6 Nxc4 14.Rd3 Ng4 15.Bf4 Nge5
16.Bxe5 Nxe5 17.Re3 Be6 18.Na4 Qb4 19.Nbc5 Rad8 20.a3 Qd2 21.Re2 Qxc2 22.Rxc2 Bc8
23.h3 b6 24.f4 bxc5 25.fxe5 Bxe5 26.g4 Bd4+ 27.Kh1 Re5 28.Rac1 h5 29.gxh5 Rxh5
30.Nxc5 Be3 31.Ra1 Bd4 32.a4  0-1

[Event "TCh-ROM Divizia A Feminin"]
[Site "Predeal ROM"]
[Date "2006.11.11"]
[Round "8"]
[White "Duca,D"]
[Black "Sandu,Mi"]
[Result "0-1"]
[WhiteElo "2027"]
[BlackElo "2246"]

1.d4 Nf6 2.c4 g6 3.Nf3 Bg7 4.g3 d6 5.Bg2 O-O 6.O-O Nbd7 7.Nc3 e5 8.d5 a6
9.Qc2 Rb8 10.a4 a5 11.Rd1 Nc5 12.e4 Nh5 13.Be3 b6 14.Nd2 f5 15.f3 f4 16.Bxc5 bxc5
17.g4 Nf6 18.Nb5 Ne8 19.Nb3 Ra8 20.Qd2 Qg5 21.Rf1 h5 22.h3 hxg4 23.hxg4 Qh4
24.Nxa5 Kf7 25.Rf2 Bf6 26.Kf1 Qh2 27.Ke2 Bh4 28.Rh1 Qg3 29.Rhf1 Nf6 30.Nxc7 Bxg4
31.fxg4 Nxg4 32.Rxf4+ exf4 33.Qxf4+ Qxf4 34.Rxf4+ Kg8 35.Rxg4 Rf2+ 36.Ke3 Rxa5
37.Bf3 Rh2 38.b3 Kf7 39.Nb5 Be7 40.Rg1 Rb2 41.Bd1 Ra8 42.Rf1+ Kg7 43.Nc7 Rh8
44.Ne6+ Kg8 45.Nf4 Rh6 46.Kd3 Bf6 47.Bc2 Rh2 48.Rg1 Rbxc2 49.Rxg6+ Kf7 50.Rxf6+ Kxf6
51.Ne6 Rb2  0-1

[Event "1st Magistral Endesa"]
[Site "Santiago CHI"]
[Date "2006.11.20"]
[Round "5"]
[White "Vasquez,R"]
[Black "Sepulveda,Job"]
[Result "1/2-1/2"]
[WhiteElo "2519"]
[BlackElo "2337"]

1.Nf3 g6 2.d4 Bg7 3.c4 Nf6 4.g3 O-O 5.Bg2 d6 6.O-O Nbd7 7.Nc3 c6 8.e4 Qc7
9.h3 e5 10.Be3 Re8 11.Qc2 Nh5 12.Rad1 a6 13.Rd2 b6 14.Rfd1 Rb8 15.b4 exd4
16.Bxd4 Ne5 17.Nxe5 dxe5 18.Be3 Bf8 19.a3 Ng7 20.Na4 Ne6 21.c5 bxc5 22.Nxc5 Nxc5
23.Bxc5 a5 24.bxa5 Qxa5 25.Bxf8 Rxf8 26.Qxc6 Be6 27.Rd3 Rb2 28.Qd6 Bc4 29.R3d2 Rxd2
30.Rxd2 Ra8 31.Kh2 Qxa3 32.Qxe5 Be6 33.Rb2 Rd8 34.Rb8 Rxb8 35.Qxb8+ Qf8 36.Qb6 Qc8
37.g4 g5 38.e5 h6 39.Qd4 Qd7 40.Qe3 Qa4 41.Kg3 Kg7 42.f3 Qb3 43.Qd4 Qc4 44.Qb2 Qb3
45.Qa1 Qa2 46.Qe1 Qc4 47.Bf1 Qd4 48.Kh2 Qb2+ 49.Kh1 Qd4 50.Kh2 Qb2+ 51.Bg2 Qd4
52.Kg3 h5  1/2-1/2

[Event "ch-ESP Abierto"]
[Site "Leon ESP"]
[Date "2006.11.26"]
[Round "5"]
[White "Bayon Fernandez,R"]
[Black "Moran Llera,J"]
[Result "1-0"]
[WhiteElo "2182"]
[BlackElo "2004"]

1.d4 Nf6 2.Nf3 g6 3.c4 Bg7 4.g3 O-O 5.Bg2 d6 6.O-O Nc6 7.Nc3 a6 8.h3 Rb8
9.Bg5 Bd7 10.Qc2 b5 11.cxb5 axb5 12.Bxf6 Bxf6 13.Rfd1 Bg7 14.Rac1 Bh6 15.e3 Na5
16.d5 c5 17.dxc6 Nxc6 18.Nd5 Rc8 19.Qd2 Re8 20.Nb4 Nxb4 21.Qxb4 Rxc1 22.Rxc1 Qb8
23.Nd4 e5 24.Nc6 Bxc6 25.Bxc6 Rc8 26.Rc3 Qa7 27.a3 Bxe3 28.Rxe3 Rxc6 29.Qxb5 Rc1+
30.Kg2 Qa8+ 31.Rf3 e4 32.Re3 d5 33.Rb3 Rc8 34.Qb7 d4 35.Qxa8 Rxa8 36.Rb4 Rd8
37.Kf1 d3 38.Ke1 f5 39.Rc4 g5 40.Rc5 Rf8 41.g4 h6 42.gxf5 Kg7 43.Kd2 Kf6
44.Ke3 Rd8 45.Kd2 Re8 46.b4 h5 47.a4 g4 48.hxg4 hxg4 49.a5 Rh8 50.a6 g3 51.fxg3 Rh2+
52.Ke3 Re2+ 53.Kf4 d2 54.Rd5 e3 55.a7 Re1 56.a8=Q Rf1+ 57.Kxe3  1-0

[Event "19th Belgrade Trophy"]
[Site "Belgrade SRB"]
[Date "2006.11.28"]
[Round "7"]
[White "Kizov,A"]
[Black "Brenjo,S"]
[Result "1-0"]
[WhiteElo "2390"]
[BlackElo "2492"]

1.d4 Nf6 2.Nf3 g6 3.c4 Bg7 4.g3 O-O 5.Bg2 d6 6.O-O Nc6 7.Nc3 a6 8.h3 Bd7
9.e4 e5 10.dxe5 dxe5 11.Be3 Qc8 12.Kh2 Be6 13.Qa4 Rd8 14.Rfd1 Nd4 15.Bxd4 exd4
16.Nd5 Bxd5 17.exd5 Qf5 18.Rxd4 b5 19.cxb5 Nxd5 20.Rd2 Nb6 21.Qd1 Rxd2 22.Qxd2 Nc4
23.Qe2 Qxb5 24.Nd2 Nxd2 25.Qxb5 axb5 26.Bxa8 Bxb2 27.Rd1 Bc3 28.Bc6 b4 29.Kg2 Kg7
30.f4 Kf6 31.Bd5 h5 32.Kf2 c6 33.Bxc6 h4 34.g4 g5 35.fxg5+ Kxg5 36.Bd5 f5
37.Ke3 fxg4 38.hxg4  1-0

[Event "ch-ROM"]
[Site "Predeal ROM"]
[Date "2006.12.01"]
[Round "5"]
[White "Barnaure,V"]
[Black "Sofronie,I"]
[Result "1/2-1/2"]
[WhiteElo "2433"]
[BlackElo "2421"]

1.d4 Nf6 2.c4 g6 3.Nf3 Bg7 4.g3 d6 5.Bg2 O-O 6.O-O Nc6 7.Nc3 e5 8.d5 Ne7
9.e4 Ne8 10.Ne1 f5 11.Nd3 Nf6 12.Bg5 fxe4 13.Nxe4 Nxe4 14.Bxe4 Bf5 15.Qe2 h6
16.Bxe7 Qxe7 17.Bxf5 gxf5 18.Nf4 Rf6 19.Rae1 Qf7 20.Ne6 c5 21.f4 e4 22.g4 Rg6
23.Kh1 Rxg4 24.Rg1 Kh8 25.Rxg4 fxg4 26.Rg1 Qf5 27.h3 g3 28.Rxg3 Bd4 29.Qd1 Rg8
30.Nxd4 cxd4 31.Qxd4+ Kh7 32.Rxg8 Kxg8 33.Qg1+ Kf7 34.Qg4 Kf6 35.Kg2 h5 36.Qxf5+ Kxf5
37.Kf2 Kxf4 38.c5 Ke5 39.c6 bxc6 40.dxc6 Ke6 41.Ke3 d5 42.b4 a6 43.a4 Kd6
44.b5 h4 45.Kd4 a5  1/2-1/2

[Event "TCh-BEL 2006-7"]
[Site "Belgium BEL"]
[Date "2006.12.03"]
[Round "5"]
[White "Wirig,A"]
[Black "Vandevoort,P"]
[Result "0-1"]
[WhiteElo "2439"]
[BlackElo "2388"]

1.d4 Nf6 2.Nf3 g6 3.c4 Bg7 4.g3 O-O 5.Bg2 d6 6.O-O Nbd7 7.Nc3 a6 8.h3 e5
9.e4 exd4 10.Nxd4 Rb8 11.Be3 Re8 12.Qc2 c5 13.Nde2 b5 14.Rfd1 b4 15.Nd5 Nxd5
16.cxd5 Qb6 17.Nc1 a5 18.Rb1 Ba6 19.b3 Rbc8 20.Nd3 Qb7 21.Nb2 Nb6 22.Bf4 c4
23.Nxc4 Nxc4 24.bxc4 Rxc4 25.Qd2 Qb6 26.Be3 Qc7 27.Bf1 Bc3 28.Qc2 Rexe4 29.Bxc4 Qxc4
30.Qa4 Rxe3 31.fxe3 Qe4 32.Qxa5 Qxe3+ 33.Kg2 Be2 34.Rf1 Qe4+  0-1

[Event "FSIM December"]
[Site "Budapest HUN"]
[Date "2006.12.03"]
[Round "2"]
[White "Balog,I1"]
[Black "Brustkern,J"]
[Result "1-0"]
[WhiteElo "2330"]
[BlackElo "2224"]

1.d4 Nf6 2.c4 g6 3.Nf3 Bg7 4.g3 O-O 5.Bg2 d6 6.O-O Nbd7 7.Nc3 e5 8.e4 exd4
9.Nxd4 Re8 10.Re1 a6 11.h3 Rb8 12.a4 Ne5 13.b3 Bd7 14.Be3 Qc8 15.Kh2 h5 16.f4 Nc6
17.Rc1 h4 18.gxh4 Nh5 19.Nf3 Bxc3 20.Rxc3 Rxe4 21.Ng5 Re7 22.c5 dxc5 23.Bxc5 Rxe1
24.Qxe1 Be8 25.Be4 Nxf4 26.Rf3 Ne6 27.Bxg6 Nxg5 28.hxg5 Qd8 29.Qh4 Qd2+ 30.Rf2 Qxf2+
31.Qxf2 fxg6 32.Qf8+ Kh7 33.Ba3 Rd8 34.Be7 Rd2+ 35.Kg1 Nd4 36.Bb4 Re2 37.Bc3 c5
38.Qxc5  1-0

[Event "XV Asiad Men's Rapid"]
[Site "Doha QAT"]
[Date "2006.12.03"]
[Round "4"]
[White "Tamra,A"]
[Black "Bakr,J"]
[Result "0-1"]
[WhiteElo "2102"]
[BlackElo "2360"]

1.d4 Nf6 2.c4 g6 3.g3 Bg7 4.Bg2 O-O 5.Nf3 d6 6.O-O Nbd7 7.Nc3 e5 8.e4 c6
9.h3 exd4 10.Nxd4 Nb6 11.b3 d5 12.exd5 cxd5 13.c5 Ne4 14.Nxe4 dxe4 15.Bb2 Nd7
16.Qc2 Qe7 17.b4 f5 18.Rfe1 a6 19.Rad1 Qf7 20.Nb3 Ne5 21.Bxe5 Bxe5 22.c6 b6
23.f4 Bg7 24.Bf1 Be6 25.Rd6 Kh8 26.Red1 Rfc8 27.Qf2 b5 28.Qb6 Bf8 29.Rd8 Rxd8
30.Rxd8 Rxd8 31.Qxd8 Kg7 32.Nd4 Be7 33.Nxe6+ Qxe6 34.c7 Bxd8 35.cxd8=Q Qxa2
36.Qe7+ Kg8 37.Qd8+ Kg7 38.Qd4+ Kg8 39.g4 Qe6 40.Be2 Qb3 41.Kg2 Qa2 42.Kf2 Qb3
43.gxf5 Qxh3 44.fxg6 Qh4+ 45.Ke3 Qg3+ 46.Kxe4 Qxg6+ 47.f5 Qg2+ 48.Bf3 Qc2+
49.Qd3 Qb2 50.Qd5+ Kf8 51.Qd6+ Kg8 52.Kf4 Qh2+  0-1

[Event "XV Asiad Men's Rapid"]
[Site "Doha QAT"]
[Date "2006.12.03"]
[Round "5"]
[White "Hassan,Ab"]
[Black "Rimawi,B"]
[Result "1/2-1/2"]
[WhiteElo "2311"]
[BlackElo "2317"]

1.d4 Nf6 2.Nf3 g6 3.c4 Bg7 4.g3 O-O 5.Bg2 d6 6.O-O c5 7.dxc5 dxc5 8.Ne5 Qc7
9.Nd3 Be6 10.Qb3 Nc6 11.Nxc5 Bg4 12.Qxb7 Qxb7 13.Nxb7 Nd4 14.Nc3 Nxe2+ 15.Nxe2 Bxe2
16.Re1 Bxc4 17.Bf4 e6 18.Bd6 Rfc8 19.Ba3 Bd5 20.Nd6 Rd8 21.Rac1 Bxg2 22.Kxg2 Nd5
23.Nc4 Bf8 24.Bxf8 Kxf8 25.Ne5 a5 26.Rc5 Nb4 27.a3 Nd3 28.Nxd3 Rxd3 29.Rc7 Rb8
30.Re2 Rdb3 31.Rd2 R8b7 32.Rxb7 Rxb7 33.Rd8+ Kg7 34.Ra8 Rxb2 35.Rxa5 h5 36.h4 Rb3
37.Ra7 Kf6 38.a4 Ra3 39.a5 e5 40.a6 e4 41.Ra8 Ra1 42.Re8 Rxa6 43.Rxe4  1/2-1/2

[Event "ch-ROM"]
[Site "Predeal ROM"]
[Date "2006.12.03"]
[Round "7"]
[White "Itkis,B"]
[Black "Szabo,G ROM"]
[Result "1/2-1/2"]
[WhiteElo "2447"]
[BlackElo "2465"]

1.d4 Nf6 2.Nf3 g6 3.c4 Bg7 4.g3 O-O 5.Bg2 d6 6.Nc3 c6 7.h3 Qa5 8.Bd2 Qa6
9.b3 d5 10.cxd5 cxd5 11.Ne5 Nc6 12.Nxc6 Qxc6 13.Rc1 Qe6 14.Bg5 Rd8 15.Bxf6 Bxf6
16.O-O Rb8 17.e3 b6 18.Qf3 Bb7 19.Nb5 Qd7 20.a4 a6 21.Nc3 Kg7 22.Ne2 Rbc8
23.Nf4 e6 24.Qe2 Rc7 25.Nd3 Rdc8 26.Qb2 Qd6 27.Rxc7 Rxc7 28.Rc1 Be7 29.Bf1 f6
30.Rc3  1/2-1/2

[Event "ch-RUS w"]
[Site "Gorodets RUS"]
[Date "2006.12.04"]
[Round "4"]
[White "Matveeva,S"]
[Black "Bodnaruk,A"]
[Result "1-0"]
[WhiteElo "2415"]
[BlackElo "2255"]

1.d4 Nf6 2.c4 g6 3.Nf3 Bg7 4.g3 O-O 5.Bg2 d6 6.Nc3 Nbd7 7.O-O e5 8.e4 c6
9.h3 Qb6 10.b3 exd4 11.Na4 Qc7 12.Nxd4 Nc5 13.Nc3 Re8 14.Re1 Nfd7 15.Be3 a5
16.Qc2 Nf8 17.Rad1 Bd7 18.Rd2 Rad8 19.Red1 Nfe6 20.Nde2 Bc8 21.a3 f5 22.exf5 gxf5
23.b4 axb4 24.axb4 Na6 25.Qb3 Qe7 26.Na4 c5 27.b5 Nb4 28.Nb6 Be5 29.f4 Bg7
30.Bf2 Nf8 31.Nxc8 Rxc8 32.Nc3 Rcd8 33.Nd5 Nxd5 34.Bxd5+ Kh8 35.Qf3 Ne6 36.Bxb7 Nd4
37.Rxd4 cxd4 38.Bc6 Rf8 39.b6 Rb8 40.b7 Qc7 41.Qd5 Rg8 42.Rb1 Bf6 43.Qxf5 Qg7
44.Kh2 Qe7 45.Re1 Qg7 46.Re6 Rgf8 47.Qe4 h5 48.h4 d3 49.Qxd3 Qg4 50.Rxd6  1-0

[Event "ch-ROM"]
[Site "Predeal ROM"]
[Date "2006.12.05"]
[Round "9"]
[White "Itkis,B"]
[Black "Grigore,Ge"]
[Result "1/2-1/2"]
[WhiteElo "2447"]
[BlackElo "2480"]

1.d4 Nf6 2.c4 g6 3.Nf3 Bg7 4.g3 d6 5.Bg2 O-O 6.Nc3 c6 7.e4 Qa5 8.O-O e5 9.Re1 Nbd7
10.h3 exd4 11.Nxd4 Ne5 12.Bf1 Qb6 13.Re3 c5 14.Nc2 Be6 15.b3 Rfe8 16.Re1 a6
17.Be3 Qa5 18.Bd2 Qb6 19.Rb1 Rac8 20.Bg2 Rcd8 21.Bf1 Qc7 22.a4 Nc6 23.Nd5 Bxd5
24.exd5 Rxe1  1/2-1/2

[Event "FSIM December"]
[Site "Budapest HUN"]
[Date "2006.12.07"]
[Round "6"]
[White "Horvath,And"]
[Black "Brustkern,J"]
[Result "1-0"]
[WhiteElo "2305"]
[BlackElo "2224"]

1.d4 Nf6 2.Nf3 g6 3.g3 Bg7 4.Bg2 O-O 5.c4 d6 6.O-O Nbd7 7.Nc3 e5 8.h3 Re8
9.e4 exd4 10.Nxd4 a6 11.b3 Rb8 12.Be3 c5 13.Nde2 b5 14.cxb5 axb5 15.Qxd6 b4
16.Na4 Nxe4 17.Bxe4 Rxe4 18.Rad1 Qe8 19.Nf4 c4 20.bxc4 b3 21.axb3 Rxe3 22.fxe3 Qxe3+
23.Kh2 Qxb3 24.Nc5 Nxc5 25.Qxc5 Qc2+ 26.Qf2 Rb2 27.Rd8+ Bf8 28.Kg1 Qb3 29.Rxf8+ Kg7
30.Nh5+  1-0

[Event "Levikov Mem"]
[Site "Lviv UKR"]
[Date "2006.12.12"]
[Round "6"]
[White "Romanishin,O"]
[Black "Erdogdu,M"]
[Result "1/2-1/2"]
[WhiteElo "2542"]
[BlackElo "2383"]

1.d4 Nf6 2.Nf3 g6 3.g3 Bg7 4.Bg2 O-O 5.c4 d6 6.O-O Nc6 7.Nc3 a6 8.b3 Rb8
9.Bb2 b5 10.cxb5 axb5 11.Rc1 b4 12.Nb1 Na7 13.Ne1 Bb7 14.Bxb7 Rxb7 15.Nd3 Qd7
16.Rc4 Rfb8 17.Re1 h5 18.Nd2 h4 19.e4 Bh6 20.Nf3 hxg3 21.hxg3 Qh3 22.e5 Nd5
23.Nh2 e6 24.Re4 Bg5 25.Bc1 Be7 26.Nf4 Qf5 27.Re1 Nxf4 28.Bxf4 g5 29.exd6 cxd6
30.Be3 d5 31.Rc1 Nb5 32.Qc2 Qxc2 33.Rxc2 Ra8 34.Nf3 f6 35.g4 Rb6 36.Bd2 Rba6
37.Re2 Kf7 38.Be1 Bd6 39.Kg2 Ke7 40.Kf1 Kd7 41.Kg2 Na7 42.Bd2 Nb5 43.Be1 R6a7
44.Kf1 Rh8 45.Kg2 Raa8 46.Bd2 Rh6 47.Re1 Rhh8 48.Rh1 Rxh1  1/2-1/2

[Event "TCh-NED 2006-7"]
[Site "Netherlands NED"]
[Date "2006.12.16"]
[Round "4"]
[White "Richter,Ch"]
[Black "Bosboom,M"]
[Result "1/2-1/2"]
[WhiteElo "2442"]
[BlackElo "2390"]

1.d4 Nf6 2.Nf3 d6 3.g3 g6 4.Bg2 Bg7 5.c4 O-O 6.Nc3 Nbd7 7.O-O e5 8.e4 c6
9.h3 exd4 10.Nxd4 Qa5 11.Be3 Nb6 12.Nb3 Qh5 13.Qxh5 Nxh5 14.Na5 Re8 15.g4 Re5
16.c5 Nf6 17.f4 Rxc5 18.Bxc5 dxc5 19.Rad1 Nfd7 20.e5 g5 21.e6 fxe6 22.fxg5 Nd5
23.Ne2 Be5 24.Rf3 Bc7 25.Nc4 b5 26.Na3 Ne5 27.Rf2 Rb8 28.Nc2 Bd7 29.Be4 c4
30.Kg2 Bb6 31.Rff1 Bd8 32.Ned4 Bxg5 33.Nf3 Bf6 34.Nxe5 Bxe5 35.Bxh7+ Kg7
36.b3 cxb3 37.axb3 a5 38.Rde1 Bc3 39.Re2 a4 40.bxa4 b4 41.Bd3 b3 42.Na3 Rb4
43.Kg3 Rxa4 44.Nb1 Bb4 45.Rb2 Bd6+ 46.Kf3 c5 47.Nd2 Rd4 48.Bc4 Bc6 49.Bxb3 Nf4+
50.Ke3 Rd3+ 51.Kf2 Be5 52.Ra2 Rxh3 53.Bc4 Rc3 54.Rb1 Kf6 55.Bf1 Bd5 56.Rab2 Bd4+
57.Ke1 Re3+ 58.Kd1 Bxb2 59.Rxb2 Ke5 60.Rb8 Rg3 61.Rg8 Kd4 62.Kc2 c4 63.Rf8 e5
64.Rd8 Rc3+ 65.Kd1 Nd3 66.Bxd3 cxd3 67.Nf3+ Ke4 68.Nd2+ Kd4 69.Nf3+ Kc5 70.Nxe5 Ra3
71.Kd2 Kd4 72.Nf3+ Ke4 73.Ng5+ Kd4  1/2-1/2

[Event "6th Amplico AIG Life"]
[Site "Warsaw POL"]
[Date "2006.12.16"]
[Round "4"]
[White "Urban,K"]
[Black "Zickus,S"]
[Result "1-0"]
[WhiteElo "2450"]
[BlackElo "2260"]

1.Nf3 g6 2.c4 Bg7 3.d4 Nf6 4.g3 O-O 5.Bg2 d6 6.Nc3 Nbd7 7.O-O e5 8.e3 Re8
9.b3 Qe7 10.a4 Nf8 11.dxe5 dxe5 12.Ba3 c5 13.Ng5 Bg4 14.Nd5 Nxd5 15.Qxg4 Nf6
16.Qe2 e4 17.Rad1 h6 18.Nh3 g5 19.Rd2 Rad8 20.Rfd1 Rxd2 21.Qxd2 N8d7 22.Bb2 Ne5
23.Bxe5 Qxe5 24.Kh1 Ng4 25.Qd7 Nf6 26.Qxb7 Rb8 27.Qxa7 Rxb3 28.a5 Ra3 29.a6 Ra1
30.Rf1 Ng4 31.Qa8+ Bf8 32.a7 Qf6 33.Qxe4 Rxf1+ 34.Bxf1 Qa1 35.Qxg4  1-0

[Event "6th Amplico AIG Life"]
[Site "Warsaw POL"]
[Date "2006.12.16"]
[Round "4"]
[White "Miton,K"]
[Black "Likavsky,T"]
[Result "1/2-1/2"]
[WhiteElo "2638"]
[BlackElo "2480"]

1.d4 Nf6 2.c4 d6 3.Nf3 g6 4.g3 Bg7 5.Bg2 O-O 6.O-O c5 7.Nc3 Bd7 8.dxc5 dxc5
9.Ne5 Nc6 10.Bxc6 Bxc6 11.Qxd8 Rfxd8 12.Be3 Nd7 13.Nxc6 bxc6 14.Rac1 Bd4
15.Bf4 Nb6 16.b3 Rd7 17.Rc2 a5 18.a4 Rb7 19.Na2 Nd7 20.Nc1 e5 21.Bd2 e4 22.Rd1 Kf8
23.Kg2 Ke7 24.Bf4 f6 25.h4 Rg8 26.Bd2 Ra8 27.Be1 h6 28.Bd2 h5 29.Bf4 Rg8
30.Bd2 Ra8 31.Be1 Ra6 32.f3 exf3+ 33.exf3 Ne5 34.Re2 Kf7 35.Bf2 Bxf2 36.Kxf2 Raa7
37.Rd6 Rd7 38.Red2 Rxd6 39.Rxd6 Ke7 40.Rd2 Rb7 41.f4 Ng4+ 42.Kf3 Nh6 43.Rd3 Nf5
44.Ne2 Ke6 45.Kf2 Nd4 46.Nxd4+ cxd4 47.Rxd4 Rxb3 48.c5 Ra3 49.Rd6+ Kf5 50.Rxc6 Rxa4
51.Ra6 Ra3 52.c6 Kg4 53.c7 Rf3+ 54.Ke2 Rc3 55.Rxf6 Kxg3 56.Rxg6+ Kxf4 57.Rg5 Rxc7
58.Rxa5  1/2-1/2

[Event "6th Amplico AIG Life"]
[Site "Warsaw POL"]
[Date "2006.12.16"]
[Round "8"]
[White "Zickus,S"]
[Black "Likavsky,T"]
[Result "0-1"]
[WhiteElo "2260"]
[BlackElo "2480"]

1.Nf3 g6 2.g3 Bg7 3.d4 Nf6 4.Bg2 O-O 5.c4 d6 6.O-O Bd7 7.Nc3 c5 8.dxc5 dxc5
9.Ne5 Nc6 10.Bf4 Rc8 11.Nxd7 Nxd7 12.Qb3 Nb6 13.Rad1 Nd4 14.Qa3 Nxc4 15.Qxa7 Nxb2
16.Rc1 Ra8 17.Qxb7 Na4 18.Kh1 Nxc3 19.Rxc3 Nxe2 20.Rxc5 Rxa2 21.Qb3 Rb2 22.Qc4 Nxf4
23.Qxf4 Qd4 24.Rc4 Qxf4 25.Rxf4 Rd8 26.Bc6 Rdd2 27.Kg1 Bd4 28.Rf3 f5 29.g4 fxg4
30.Bd5+ Kg7 31.Rf7+ Kh6 32.Be6 Kg5 33.Kg2 h5 34.Rf8 h4 35.Bc4 h3+ 36.Kg1 e5
37.Be6 e4 38.Kh1 Bxf2 39.Ra1 Bb6  0-1

[Event "6th Amplico AIG Life"]
[Site "Warsaw POL"]
[Date "2006.12.17"]
[Round "10"]
[White "Sulypa,A"]
[Black "Dworakowska,J"]
[Result "1-0"]
[WhiteElo "2478"]
[BlackElo "2372"]

1.d4 Nf6 2.Nf3 g6 3.c4 Bg7 4.g3 O-O 5.Bg2 d6 6.Nc3 Nbd7 7.O-O e5 8.e4 a6
9.h3 b5 10.dxe5 dxe5 11.Qe2 c6 12.Rd1 Qe7 13.Rb1 b4 14.Na4 h6 15.Nd2 Ra7
16.Nb3 c5 17.a3 Rc7 18.Bd2 Bb7 19.Na5 bxa3 20.bxa3 Ba8 21.Nc3 Rcc8 22.Rdc1 Ne8
23.Nd5 Qe6 24.h4 Kh8 25.Kh2 f5 26.Bc3 Nef6 27.exf5 gxf5 28.Rd1 e4 29.Nf4 Qf7
30.Kg1 Rce8 31.h5 Kh7 32.Bh3 Ng4 33.Bxg7 Qxg7 34.Bxg4 fxg4 35.Qe3 Ne5 36.Rb6 Rd8
37.Rxd8 Rxd8 38.Nd5 Nf3+ 39.Kg2 Qd4 40.Qxh6+ Kg8 41.Rg6+ Kf7 42.Qh7+  1-0

[Event "44th National A ch-IND"]
[Site "Atul IND"]
[Date "2006.12.26"]
[Round "10"]
[White "Thejkumar,M"]
[Black "Konguvel,P"]
[Result "1-0"]
[WhiteElo "2322"]
[BlackElo "2407"]

1.d4 Nf6 2.Nf3 g6 3.c4 Bg7 4.g3 O-O 5.Bg2 d6 6.O-O Nbd7 7.Nc3 e5 8.e4 c6
9.h3 Qb6 10.dxe5 Nxe5 11.Nxe5 dxe5 12.Qc2 Nd7 13.Be3 Qb4 14.Na4 Nb6 15.Nxb6 axb6
16.a3 Qa4 17.b3 Qa6 18.Rfd1 Be6 19.Bf1 Rfd8 20.a4 c5 21.Kg2 Rac8 22.Be2 f5
23.Rxd8+ Rxd8 24.Rd1 Qa8 25.Bf3 Qc8 26.exf5 Bxf5 27.Rxd8+ Qxd8 28.Be4 Qd7
29.g4 Bxe4+ 30.Qxe4 Kf7 31.h4 Ke6 32.h5 gxh5 33.Qxh7 hxg4 34.Qg6+ Bf6 35.Qxg4+ Kd6
36.Qxd7+ Kxd7 37.Kf3 Ke6 38.Ke4 Be7 39.Bd2 Bd8 40.Bc1 Bh4 41.Be3 Be7 42.Bh6 Bh4
43.f3 Be7 44.Be3 Bd8 45.Bg1 Be7 46.Bh2 Bf6 47.Bg3 Bg7 48.Bh4 Bf6 49.Bxf6 Kxf6
50.Kd5 Kf5 51.Kd6 Kf4 52.Ke6 Kxf3 53.Kxe5 Ke3 54.Kd6 Kd4 55.Kc7 Kc3 56.Kxb7 Kxb3
57.Kxb6 Kxc4 58.a5 Kb4  1-0

[Event "13th Int"]
[Site "Tuzla BIH"]
[Date "2006.12.28"]
[Round "9"]
[White "Karahmetovic,A"]
[Black "Budimir,Bor"]
[Result "1/2-1/2"]
[WhiteElo "2287"]
[BlackElo "2319"]

1.d4 Nf6 2.Nf3 g6 3.g3 Bg7 4.Bg2 O-O 5.c4 d6 6.Nc3 Nc6 7.d5 Na5 8.Nd2 c5
9.O-O a6 10.Rb1 Bd7 11.b3 b5 12.Bb2 Rb8 13.Qc2 Qc7 14.h3 bxc4 15.bxc4 Rb7
16.Ba1 Rfb8  1/2-1/2

[Event "XVII Cracovia A"]
[Site "Krakow POL"]
[Date "2006.12.30"]
[Round "4"]
[White "Malaniuk,V"]
[Black "Szelag,M"]
[Result "1/2-1/2"]
[WhiteElo "2534"]
[BlackElo "2472"]

1.d4 Nf6 2.Nf3 g6 3.c4 Bg7 4.g3 O-O 5.Bg2 d6 6.O-O Nc6 7.Nc3 a6 8.e3 e5 9.d5 Ne7
10.e4 Nd7 11.Ne1 f5 12.Nd3 h6 13.Qe2 fxe4 14.Nxe4 Nf5 15.Qd1  1/2-1/2

[Event "Keres Mem WGM"]
[Site "Tallinn EST"]
[Date "2007.01.07"]
[Round "2"]
[White "Annenkov,K"]
[Black "Skinke,K"]
[Result "0-1"]
[WhiteElo "2284"]
[BlackElo "2132"]

1.d4 Nf6 2.c4 g6 3.g3 Bg7 4.Bg2 d6 5.Nf3 O-O 6.O-O Nc6 7.Nc3 e5 8.dxe5 dxe5
9.Qxd8 Rxd8 10.Bg5 Be6 11.Nd2 h6 12.Bxf6 Rxd2 13.Bxg7 Kxg7 14.b3 Rad8 15.e3 f5
16.Nb5 Nb4 17.Nxc7 Bf7 18.a3 Nd3 19.Bd5 Rd7 20.Bxf7 Rxc7 21.Bd5 e4 22.f3 exf3
23.Rad1 Rg2+ 24.Kh1 Nf2+ 25.Rxf2 Rxf2 26.Kg1 Re2 27.Rd3 Re7  0-1

[Event "Keres Mem WGM"]
[Site "Tallinn EST"]
[Date "2007.01.07"]
[Round "3"]
[White "Piarnpuu,L"]
[Black "Tsiganova,M"]
[Result "1/2-1/2"]
[WhiteElo "2190"]
[BlackElo "2214"]

1.Nf3 Nf6 2.c4 g6 3.d4 Bg7 4.g3 O-O 5.Bg2 d6 6.O-O Nbd7 7.Nc3 c6 8.h3 e5
9.e4 Qc7 10.Re1 Re8 11.Be3  1/2-1/2

[Event "Keres Mem WGM"]
[Site "Tallinn EST"]
[Date "2007.01.09"]
[Round "5"]
[White "Piarnpuu,L"]
[Black "Shvyrjov,I"]
[Result "0-1"]
[WhiteElo "2190"]
[BlackElo "2412"]

1.Nf3 Nf6 2.c4 d6 3.d4 g6 4.g3 Bg7 5.Bg2 O-O 6.O-O c6 7.Nc3 Qa5 8.h3 Be6
9.Qd3 Qa6 10.b3 d5 11.Nd2 Rd8 12.Bb2 Nbd7 13.Rfd1 dxc4 14.Nxc4 Nd5 15.Nxd5 Bxd5
16.Bxd5 cxd5 17.Ne3 Qe6 18.Kg2 h5 19.Nf1 Rac8 20.Rac1 Bh6 21.e3 f5 22.h4 Nf6
23.Nd2 Ne4 24.Nf3 Qb6 25.Ne5 Bg7 26.Rc2 Bxe5 27.dxe5 Rc6 28.Bd4 Qa5 29.Rxc6 bxc6
30.Qc2 c5 31.Ba1 c4 32.bxc4 Rc8 33.Rd4 Qe1 34.Bb2 Kh7 35.e6 Rxc4 36.Rxc4 dxc4
37.Be5 c3  0-1

[Event "Keres Mem WGM"]
[Site "Tallinn EST"]
[Date "2007.01.11"]
[Round "8"]
[White "Annenkov,K"]
[Black "Tsiganova,M"]
[Result "1-0"]
[WhiteElo "2284"]
[BlackElo "2214"]

1.d4 Nf6 2.c4 g6 3.g3 Bg7 4.Bg2 O-O 5.Nf3 d6 6.O-O Nbd7 7.Qc2 e5 8.dxe5 dxe5
9.Rd1 Re8 10.e4 c6 11.h3 Qe7 12.b3 Nc5 13.Nc3 a5 14.Ba3 b6 15.Na4 Rb8 16.Bxc5 bxc5
17.Rd2 Bh6 18.Re2 Bf8 19.Rd1 h6 20.Red2 Qc7 21.Ne1 Be6 22.Nd3 Nd7 23.Qc3 h5
24.Kh1 Kh7 25.f4 Bg7 26.f5 gxf5 27.Ndxc5 Nxc5 28.Nxc5 Bc8 29.Qf3 Qe7 30.Qxh5+ Kg8
31.Nd7 Rb7 32.Qxf5 Rc7 33.h4 c5 34.Bh3 Rc6 35.Qf2 Kh8 36.Bf5 Bh6 37.Rd5 a4
38.Rxe5  1-0

[Event "TCh-NOR 2006-7"]
[Site "Oslo NOR"]
[Date "2007.01.12"]
[Round "4"]
[White "Johannessen,LE"]
[Black "Djurhuus,R"]
[Result "1/2-1/2"]
[WhiteElo "2537"]
[BlackElo "2455"]

1.Nf3 d6 2.d4 Nf6 3.c4 g6 4.g3 Bg7 5.Bg2 O-O 6.O-O c5 7.Nc3 Nc6 8.d5 Na5
9.Nd2 e5 10.e4 Ng4 11.a3 b6 12.b4 Nb7 13.bxc5 Nxc5 14.Nb3 f5 15.Nxc5 bxc5
16.f3 Nf6 17.Rb1 Bd7 18.Bd2 a6 19.Rb7 Bc8 20.Rb2 h5 21.h3 Kh7 22.Qc1 Ng8
23.Qb1 Bh6 24.f4 Bg7 25.Rb6 Nh6 26.exf5 Bxf5 27.Ne4 Nf7 28.Qb3 Rb8 29.Rb1 Rxb6
30.Qxb6 Qd7 31.Qc6 Bxh3 32.Qxd7 Bxd7 33.Rb6 Bf5 34.a4 exf4 35.Bxf4 Re8 36.Nxd6 Nxd6
37.Bxd6 Bd4+ 38.Kh2 Re2 39.Rb7+ Kg8 40.Re7 Rxe7 41.Bxe7 Kf7 42.Bg5 Bd3 43.d6 Ke6
44.Bf4 g5 45.Bd5+ Kd7 46.Bxg5 Kxd6 47.Bd2 Be2 48.Kg2 Bd1 49.Bb7 Bxa4 50.Bxa6 Bc6+
51.Kh3 Bf6 52.Bf4+ Be5 53.Kh4 Bf3 54.Bb5 Ke6 55.Bxe5 Kxe5 56.Be8 Be2 57.Bf7 Kd4
58.Kg5 Bxc4 59.Bxh5 Bd5 60.Be2 Be4 61.g4 Bd3 62.Bxd3 Kxd3 63.Kf6 c4  1/2-1/2

[Event "zt 3.3"]
[Site "Phu Quoc VIE"]
[Date "2007.01.14"]
[Round "5"]
[White "Laylo,D"]
[Black "Nouri,H"]
[Result "1/2-1/2"]
[WhiteElo "2476"]
[BlackElo "2418"]

1.d4 Nf6 2.c4 g6 3.g3 Bg7 4.Bg2 d6 5.Nf3 O-O 6.O-O c6 7.b3 Qa5 8.Qd2 Qh5
9.Qg5 Qxg5 10.Bxg5 h6 11.Bc1 Ne4 12.Bb2 Nd7 13.Nbd2 Ndf6 14.Rad1 Bg4 15.h3 Bd7  1/2-1/2